| 000 | 01744nam a22003017a 4500 | ||
|---|---|---|---|
| 003 | DO-SdBNP | ||
| 005 | 20240226140810.0 | ||
| 007 | ta | ||
| 008 | 220817b2022 |||||||eb|||| 00| 0 spa d | ||
| 020 | _a9789945222005 | ||
| 040 |
_aDO-SdBNP _bspa _cBNPHU |
||
| 082 | 4 |
_222 _a302.5 _bD919c |
|
| 100 | 1 | 0 |
_aDunker L., José, _d1943- _91027 |
| 245 | 1 | 0 |
_aCultura del tigueraje en República Dominicana : _bpropuesta para una revolución cultural / _cJosé Dunker L. |
| 250 | _a2da. | ||
| 260 |
_aSanto Domingo : _bBúho, _c2022. |
||
| 300 |
_a178 p.: _c23 cm |
||
| 500 | _aIncluye datos biográficos del autor en la solapa de la portada y contraportada del libro. | ||
| 504 | _aBibliografía: p.159 -178. | ||
| 505 |
_aI. Cuestiones básicas _g1. El tigueraje -- 2. El tránsito refleja la cultura -- 3. El factor humano -- 4.Tigueraje y patrón cultural -- 5. Impacto del lenguaje -- 6. ¿Herencia o aprendizaje? -- 7. El camino es posible. |
||
| 505 |
_aII. Antecedentes históricos _g8. Impacto de la colonización -- 9. El complejo de Guacanagarix -- 10. Trujillo y el racismo -- 11. Psicopatología del racismo -- 12. La colonización nos dañó el cerebro -- 13.Para entender el pasado -- 14. La identidad mulata. |
||
| 505 |
_aIII. Propuestas finales _g15. Cambios cultural y libertad -- 16. Dictadura en América Latina -- 17. Epidemia reeleccionista -- 18. Tígueres y tigueronas en política -- 19. Revolución inconclusa -- 20. Principios para el bien común -- 21. Revolución cultural |
||
| 590 | _aInventariado, 2022 / SA | ||
| 650 | 4 |
_aPsicología social _xEnsayos, conferencias, etc. _zRepública Dominicana _982191 |
|
| 651 |
_aRepública Dominicana _xCondiciones Sociales _946 |
||
| 910 | _aSaquino | ||
| 942 |
_2ddc _cLBS1 |
||
| 999 |
_c52289 _d52289 |
||